Central Library OPAC University of Rajshahi

A nursery history of England / (Record no. 23861)

MARC details
000 -LEADER
fixed length control field 00858cam a2200265Ia 4500
001 - CONTROL NUMBER
control field 23861
003 - CONTROL NUMBER IDENTIFIER
rucl marc code BD-RjUL
005 - DATE AND TIME OF LATEST TRANSACTION
control field 20211209000959.0
008 - FIXED-LENGTH DATA ELEMENTS--GENERAL INFORMATION
fixed length control field 140311s1912 enka j 000 0 eng d
035 ## - SYSTEM CONTROL NUMBER
System control number (BD-RjUL)23926
System control number (OCoLC)23951087
040 ## - CATALOGING SOURCE
Original cataloging agency CXP
Transcribing agency CXP
Modifying agency BD-RjUL
Language of cataloging eng
041 ## - LANGUAGE CODE
Language code of text/sound track or separate title eng
082 00 - DEWEY DECIMAL CLASSIFICATION NUMBER
Edition number 914.203
Classification number ONN 1912
100 1# - MAIN ENTRY--PERSONAL NAME
Personal name O'Neill, Elizabeth
Fuller form of name (Elizabeth Speakman),
Dates associated with a name b. 1877.
9 (RLIN) 73502
245 12 - TITLE STATEMENT
Title A nursery history of England /
Statement of responsibility, etc. by Elizabeth and Mary O'Neill ; pictures by George Morrow.
260 ## - PUBLICATION, DISTRIBUTION, ETC. (IMPRINT)
Place of publication, distribution, etc. London :
Name of publisher, distributor, etc. Nelson ;
Date of publication, distribution, etc. 1912.
300 ## - PHYSICAL DESCRIPTION
Pagination 168 p. :
Illustrations ill. (some col.) ;
Size 24 cm.
500 ## - GENERAL NOTE
General note Decorated lining-papers.
651 #0 - SUBJECT ADDED ENTRY--GEOGRAPHIC NAME
Geographic name Great Britain
General subdivision History
Form subdivision Juvenile literature.
9 (RLIN) 63517
Geographic name Great Britain
General subdivision History.
9 (RLIN) 73503
700 1# - ADDED ENTRY--PERSONAL NAME
Personal name O'Neill, Mary.
942 ## - ADDED ENTRY ELEMENTS (KOHA)
Source of classification or shelving scheme Dewey Decimal Classification
Koha item type Books
Holdings
Lost status Source of classification or shelving scheme Damaged status Not for loan Collection code Permanent Location Current Location Shelving location Date acquired Source of acquisition Cost, normal purchase price Total Checkouts Full call number Date last seen Copy number Koha item type
  Dewey Decimal Classification   Added to bundle Fiction Central Library, University of Rajshahi Central Library, University of Rajshahi Reading Room 11/08/1972 Paramount Book 23.10   914.203 ONN 1912 11/03/2014 C-1 Books